Campeones de tenis de hombres - Estadísticas

Estadísticas generales
  • Esta prueba ha sido intentada 5.731 veces
    3.270 desde el último reinicio
  • La puntuación promedio es 14 de 58
Estadísticas de respuestas
# deportista % Correcto
22 Rafael Nadal
100%
24 Novak Djokovic
97%
6 Carlos Alcaraz
95%
20 Roger Federer
94%
4 Jannik Sinner
73%
3 Andy Murray
65%
1 Juan Martin del Potro
53%
1 Daniil Medvedev
52%
8 Andre Agassi
50%
14 Pete Sampras
49%
3 Stanislas Wawrinka
47%
1 Juan Carlos Ferrero
42%
11 Bjorn Borg
40%
7 John McEnroe
38%
1 Dominic Thiem
36%
1 Carlos Moya
33%
6 Boris Becker
25%
1 Marin Čilić
25%
1 Andy Roddick
24%
4 Guillermo Vilas
23%
8 Ivan Lendl
22%
5 Rod Laver
22%
3 Gustavo Kuerten
19%
8 Jimmy Connors
19%
2 Lleyton Hewitt
19%
1 Gaston Gaudio
17%
2 Marat Safin
17%
7 Mats Wilander
15%
6 Stefan Edberg
15%
2 Sergi Bruguera
13%
1 Albert Costa
12%
3 Arthur Ashe
12%
2 Ilie Nastase
12%
1 Michael Chang
12%
1 Goran Ivanišević
11%
4 Jim Courier
11%
1 Manuel Orantes
11%
2 Patrick Rafter
10%
1 Yannick Noah
10%
1 Thomas Muster
9%
2 Yevgeny Kafelnikov
9%
2 Stan Smith
8%
1 Andres Gimeno
7%
5 John Newcombe
7%
1 Petr Korda
7%
1 Andres Gomez
6%
4 Ken Rosewall
6%
1 Adriano Panatta
5%
1 Michael Stich
5%
1 Pat Cash
5%
1 Thomas Johansson
5%
1 Vitas Gerulaitis
5%
3 Jan Kodes
4%
2 Johan Kriek
4%
1 Richard Krajicek
4%
1 Roscoe Tanner
4%
1 Brian Teacher
3%
1 Mark Edmondson
3%
No se encontraron pruebas coincidentes
Distribución de puntuación
Porcentaje de gente con cada puntuación
Porcentaje por número respondido
Historial de tus puntuaciones
No has intentado esta prueba desde el último reinicio